Evaluación psicológicas Sistemáticas, Base de Datos.Resultados Evaluación de Desempeño SEE (Record no. 12321)
[ view plain ]
| 000 -LEADER | |
|---|---|
| campo de control de longitud fija | 00392nam a2200133Ia 4500 |
| 001 - NÚMERO DE CONTROL | |
| campo de control | 1561 |
| 008 - DATOS DE LONGITUD FIJA--INFORMACIÓN GENERAL | |
| campo de control de longitud fija | 241024s9999 xx 000 0 und d |
| 082 ## - NÚMERO DE LA CLASIFICACIÓN DECIMAL DEWEY | |
| Número de clasificación | [*SIN CLASIFICACION*] |
| 100 ## - ENTRADA PRINCIPAL--NOMBRE DE PERSONA | |
| Nombre de persona | EPSI |
| 245 #0 - MENCIÓN DEL TÍTULO | |
| Título | Evaluación psicológicas Sistemáticas, Base de Datos.Resultados Evaluación de Desempeño SEE |
| 260 ## - PUBLICACIÓN, DISTRIBUCIÓN, ETC. | |
| Nombre del editor, distribuidor, etc. | Santo Domingo |
| Fecha de publicación, distribución, etc. | 2008 |
| 901 ## - ELEMENTOS DE DATOS A LOCAL LDA (RLIN) | |
| a | 30/6/2011 3:22:16 p.m. |
No items available.